000 00451nam a2200133Ia 4500
008 220216s9999 xx 000 0 und d
100 _aSatisha G C
245 0 _aPedochemical characterization of rubber growing soils of north eastern upland zone of Kerala
260 _bPlacrosym XVII, 2006, Kochi, India. Journal of Plantations Crops, 34(3): pp.323-329.
700 _aLakshmanan R
700 _aNazeer M A
700 _aRao D V N K N
942 _cBS
999 _c48779
_d48779